Statistics for Geography Questions on Jeopardy! #5

Click here to take the quiz!

General Stats

  • This quiz has been taken 84 times
  • The average score is 11 of 15

Answer Stats

CategoryHintAnswer% Correct
ISLANDSOwned by tiny Denmark, it's the world's largest islandGreenland
100%
GEOGRAPHYWorld's longest mountain chain, stretching 4,500 miles across South AmericaAndes
91%
Direction you generally travel in sailing up the NileSouth
91%
Only one of the 5 Great Lakes entirely in U.S.Lake Michigan
85%
1 of 3 countries with territory on 2 continentsTurkey / Russia/ Egypt
81%
Until 1949 a Dutch colony, now the world's most populous island nationIndonesia
79%
WORLD CITIESIt's the most populous city in the Western HemisphereMexico City
79%
BODIES OF WATEROriginally at Lewiston, NY, this falls has over the years moved 7 times upstreamNiagara Falls
77%
Made up of over 7,000 islands, only Far East country with a Roman Catholic majorityPhilippines
76%
The dam you need to make Lake MeadBoulder / Hoover Dam
68%
New York's largest, it has more people than 41 of our 50 statesLong Island
63%
You can bet on the banks of this California-Nevada lakeLake Tahoe
56%
While Thatcher looks over Parliament, Parliament looks over thisThames
56%
"Mexican" region that also contains parts of Guatemala and nearly all of BelizeYucatan
55%
"From the halls of Montezuma to the shores of Tripoli" refer to these 2 countriesMexico & Libya
28%

Score Distribution

Percentile by Number Answered

Percent of People with Each Score

Your Score History

You have not taken this quiz